| 000 | 00727nas a2200253 4500 | ||
|---|---|---|---|
| 001 | BR9602227 | ||
| 003 | BR-BrBNA | ||
| 005 | 20231205095734.0 | ||
| 007 | ta | ||
| 008 | 230509b bl.|||p| |||| 00| 00por d | ||
| 040 |
_aBR-BrBNA _bpor _cBiblioteca Nacional de Agricultura |
||
| 041 | _a(Pt) | ||
| 072 | _aF02 | ||
| 100 | 1 | _aBroetto, F. | |
| 100 | 1 | _aLima, G.P.P. | |
| 100 | 1 | _aBrasil, O.G. | |
| 245 | 1 | _aTolerancia a salinidade em feijao (Phaseolus vulgaris L) | |
| 650 | _aFeijao | ||
| 650 | _aCultura de Tecido | ||
| 650 | _aPeroxidase | ||
| 773 | 0 |
_tScientia Agricola (Brazil) _xISSN 0103-9016 _g(Jan-Apr 1995), v. 52(1) p. 164-166 _wBR9602227 |
|
| 909 |
_a202311 _bLúcia _c55 _dLúcia Elande |
||
| 942 |
_2AGRIS _n0 _cANA |
||
| 999 |
_c152447 _d152447 |
||